[Event "Emerald City Open"]
[Site "Chess.com"]
[Date "2020.06.20"]
[Round "?"]
[White "Li, Emma"]
[Black "Singh, Saket"]
[Result "0-1"]
[WhiteElo "1342"]
[BlackElo "1484"]
[PlyCount "70"]
[EventDate "2020.??.??"]

1. e4 e5 2. Nf3 Nc6 3. Nc3 Nf6 4. Bb5 Bb4 5. O-O O-O 6. d3 d6 7. Bg5 Bxc3 8.
bxc3 h6 9. Bh4 Bd7 10. h3 Qe7 11. Qd2 a6 12. Ba4 Rfe8 13. Rab1 b5 14. Bb3 Na5
15. Bd5 c6 16. Bb3 Nxb3 17. cxb3 Rad8 18. c4 c5 19. Ne1 Nxe4 20. dxe4 Qxh4 21.
f3 Qg3 22. Qf2 Qg6 23. Kh1 f5 24. Qe2 fxe4 25. fxe4 Bc6 26. Nf3 Qxe4 27. Qxe4
Bxe4 28. Rbc1 Bd3 29. Rf2 e4 30. Ne1 d5 31. Nxd3 exd3 32. Rd2 dxc4 33. bxc4
bxc4 34. Rxc4 Re2 35. Rd1 d2 0-1

[Event "Emerald City Open"]
[Site "Chess.com"]
[Date "2020.06.20"]
[Round "?"]
[White "Smith, Catherine"]
[Black "Kona, Vidip"]
[Result "0-1"]
[WhiteElo "1522"]
[BlackElo "1261"]
[PlyCount "106"]
[EventDate "2020.??.??"]

1. e4 e5 2. Nf3 Nc6 3. Bc4 Bc5 4. Nc3 Nf6 5. d3 h6 6. h3 d6 7. Be3 Bb6 8. Qd2
Be6 9. Bb3 Qd7 10. Ba4 Ba5 11. a3 Bb6 12. d4 exd4 13. Bxd4 a6 14. Bxb6 cxb6 15.
Rd1 O-O-O 16. O-O g5 17. Nd5 Nxe4 18. Nxb6+ Kc7 19. Qe3 Qe8 20. Qxe4 Kxb6 21.
Rfe1 d5 22. Qe3+ Kc7 23. Nd4 b5 24. Nxe6+ Qxe6 25. Qg3+ Qd6 26. Qxd6+ Rxd6 27.
Bb3 Rhd8 28. Re3 R8d7 29. Kf1 f5 30. a4 f4 31. Red3 d4 32. axb5 axb5 33. Re1
Rd8 34. f3 h5 35. Kf2 h4 36. Re2 Nb4 37. Rdd2 Nc6 38. Rd3 Kb6 39. Re6 Rxe6 40.
Bxe6 Nb4 41. Rd2 d3 42. c3 Nc6 43. Bf5 Ne5 44. Be6 Nc4 45. Bxc4 bxc4 46. Ke1
Kb5 47. Kd1 Ka4 48. Kc1 Kb3 49. Kb1 Re8 50. Kc1 Re1+ 51. Rd1 Rxd1+ 52. Kxd1
Kxb2 53. Kd2 Kb3 0-1

[Event "Emerald City Open"]
[Site "Chess.com"]
[Date "2020.06.20"]
[Round "?"]
[White "Kona, Vidip"]
[Black "Ramkumar, Aditya"]
[Result "1/2-1/2"]
[WhiteElo "1261"]
[BlackElo "1452"]
[PlyCount "101"]
[EventDate "2020.??.??"]

1. e4 c5 2. Nf3 d6 3. d4 cxd4 4. Nxd4 Nf6 5. Nc3 a6 6. Be2 e5 7. Nb3 Be6 8. Be3
Nbd7 9. O-O Be7 10. Qd2 O-O 11. Rad1 b5 12. a3 Rc8 13. Bf3 Nb6 14. Na5 Nc4 15.
Nxc4 Bxc4 16. Rfe1 Qc7 17. h3 Rfd8 18. g3 Be6 19. Bg2 Qd7 20. Kh2 Qb7 21. f4
Bd7 22. f5 Bc6 23. Bg1 a5 24. Qe2 b4 25. axb4 axb4 26. Nb1 Bb5 27. Qd2 Ba6 28.
g4 Nd7 29. g5 Rc6 30. c3 bxc3 31. Nxc3 Rb8 32. Nd5 Bd8 33. b4 Nb6 34. Rb1 Nxd5
35. Qxd5 Bc4 36. Qd2 Bb6 37. Rec1 Bxg1+ 38. Kxg1 Rbc8 39. f6 Be6 40. Kh2 Qc7
41. Rxc6 Qxc6 42. fxg7 Kxg7 43. Qf2 Qb5 44. h4 Qd3 45. Rb2 Rc3 46. b5 Rb3 47.
Rd2 Qxb5 48. Qf6+ Kf8 49. Rxd6 Bd7 50. Qd8+ Be8 51. h5 1/2-1/2

[Event "Emerald City Open"]
[Site "Chess.com"]
[Date "2020.06.21"]
[Round "?"]
[White "Trey, Justin"]
[Black "Kona, Vidip"]
[Result "1-0"]
[WhiteElo "1662"]
[BlackElo "1261"]
[PlyCount "78"]
[EventDate "2020.??.??"]

1. d4 Nf6 2. c4 g6 3. Nc3 Bg7 4. e4 d6 5. h3 O-O 6. Bg5 Nbd7 7. Nf3 c5 8. d5
Re8 9. Bd3 b6 10. Qd2 Bb7 11. O-O a6 12. a3 Qc7 13. Ne1 e6 14. f4 exd5 15. exd5
b5 16. cxb5 Nxd5 17. bxa6 Bd4+ 18. Kh1 Bc6 19. Nxd5 Bxd5 20. Nc2 Bxb2 21. Rab1
Bg7 22. f5 Bc6 23. Bh6 d5 24. fxg6 fxg6 25. Bxg7 Kxg7 26. Ne3 Qg3 27. Ng4 Qd6
28. Qh6+ Kg8 29. Rf7 Kxf7 30. Qxh7+ Ke6 31. Qxg6+ Ke7 32. Re1+ Ne5 33. Rxe5+
Kd7 34. Nf6+ Kc8 35. Rxe8+ Bxe8 36. Qxe8+ Qd8 37. Qc6+ Qc7 38. Bf5+ Kb8 39.
Nd7+ Kc8 1-0

[Event "Emerald City Open"]
[Site "Chess.com"]
[Date "2020.06.20"]
[Round "?"]
[White "Tatikonda, Nihanth"]
[Black "Ramkumar, Aditya"]
[Result "1/2-1/2"]
[WhiteElo "1226"]
[BlackElo "1452"]
[PlyCount "39"]
[EventDate "2020.??.??"]

1. d4 Nf6 2. c4 e6 3. Nf3 b6 4. e3 Bb7 5. Be2 Be7 6. O-O O-O 7. Nc3 d5 8. b3 c5
9. Bb2 Nbd7 10. h3 Re8 11. Rc1 Rc8 12. dxc5 Nxc5 13. cxd5 exd5 14. Qd2 Nce4 15.
Nxe4 Nxe4 16. Rxc8 Qxc8 17. Qc1 Qa8 18. Qa1 f6 19. Rc1 Bc5 20. Bd4 1/2-1/2

[Event "Emerald City Open"]
[Site "Chess.com"]
[Date "2020.06.20"]
[Round "?"]
[White "Tatikonda, Nihanth"]
[Black "Trey, Justin"]
[Result "0-1"]
[WhiteElo "1226"]
[BlackElo "1662"]
[PlyCount "84"]
[EventDate "2020.??.??"]

1. d4 Nf6 2. c4 e6 3. Nf3 Bb4+ 4. Bd2 Qe7 5. a3 Bxd2+ 6. Qxd2 d5 7. Nc3 O-O 8.
e3 c6 9. Bd3 Nbd7 10. O-O dxc4 11. Bxc4 Rd8 12. b4 e5 13. dxe5 Nxe5 14. Qe2 Bg4
15. Bb3 Rd7 16. h3 Nxf3+ 17. gxf3 Bxh3 18. f4 Bxf1 19. Rxf1 Rad8 20. Rd1 Rxd1+
21. Nxd1 g6 22. Nb2 Qd7 23. Kg2 Qg4+ 24. Qxg4 Nxg4 25. Nc4 Rd3 26. Ba2 b5 27.
Ne5 Nxe5 28. fxe5 Rxa3 29. Bb1 Rb3 30. Ba2 Rxb4 31. e6 fxe6 32. Bxe6+ Kf8 33.
Bd7 c5 34. Kf3 c4 35. Ke2 a5 36. Bh3 a4 37. Kd2 a3 38. Kc3 Rb3+ 39. Kc2 a2 40.
Bd7 a1=Q 41. Bxb5 Qa2+ 42. Kc1 Rb1# 0-1

[Event "Emerald City Open"]
[Site "Chess.com"]
[Date "2020.06.21"]
[Round "?"]
[White "Tatikonda, Nihanth"]
[Black "Wang, Mark"]
[Result "0-1"]
[WhiteElo "1226"]
[BlackElo "1376"]
[PlyCount "48"]
[EventDate "2020.??.??"]

1. d4 Nf6 2. c4 e6 3. Nf3 d5 4. Nc3 b6 5. e3 Bb7 6. Be2 Nbd7 7. O-O Bd6 8. h3
O-O 9. b3 c5 10. Bb2 e5 11. dxe5 Nxe5 12. cxd5 Bc7 13. Nb5 Bxd5 14. Nxc7 Qxc7
15. Bxe5 Qc6 16. Bxf6 gxf6 17. Nh4 Rad8 18. Qc1 Kh8 19. Bf3 Bxf3 20. Nxf3 Rg8
21. Kh1 Rxg2 22. Rd1 Qxf3 23. Rxd8+ Rg8+ 24. Kh2 Qg2# 0-1

[Event "Emerald City Open"]
[Site "Chess.com"]
[Date "2020.06.20"]
[Round "?"]
[White "Shanmugam, Meera"]
[Black "Tembhare, Santoshkumar"]
[Result "0-1"]
[WhiteElo "1224"]
[BlackElo "1684"]
[PlyCount "104"]
[EventDate "2020.??.??"]

1. e4 c5 2. Nf3 Nc6 3. d4 cxd4 4. Nxd4 e6 5. Nc3 g6 6. Be3 Bg7 7. f3 Qb6 8. Nf5
Bxc3+ 9. bxc3 Qa5 10. Nd6+ Kf8 11. Qd2 h5 12. Nc4 Qc7 13. Bc5+ Nge7 14. Be2 b6
15. Be3 Kg7 16. O-O Ba6 17. Na3 Bxe2 18. Qxe2 h4 19. Nb5 Qb8 20. h3 Qe5 21. Bd4
Nxd4 22. cxd4 Qf4 23. Rad1 Rh5 24. Nc3 Rg5 25. Qf2 Rh8 26. Ne2 Qc7 27. f4 Ra5
28. Nc1 d5 29. e5 Nf5 30. Rd3 Rc8 31. c3 Qc4 32. Rfd1 Ra3 33. Nb3 a5 34. Rf3
Ng3 35. Ra1 Qxb3 36. Qe1 Qc4 37. Rc1 Rxa2 38. Rb1 b5 39. Qd1 Ra3 40. Qd3 Rxc3
41. Qxc3 Qxc3 42. Rxc3 Rxc3 43. Rxb5 Rc1+ 44. Kf2 Ra1 45. Rb2 a4 46. Ke3 a3 47.
Rc2 a2 48. Kd2 Ne4+ 49. Kd3 Rd1+ 50. Ke2 a1=Q 51. Ke3 Qxd4+ 52. Ke2 Qd3# 0-1

[Event "Emerald City Open"]
[Site "Chess.com"]
[Date "2020.06.20"]
[Round "?"]
[White "Patick, Sterling"]
[Black "Shanmugam, Meera"]
[Result "1-0"]
[WhiteElo "1663"]
[BlackElo "1224"]
[PlyCount "55"]
[EventDate "2020.??.??"]

1. d4 d5 2. Bf4 e6 3. Nf3 Be7 4. Nc3 Nf6 5. e3 O-O 6. h3 Nbd7 7. Bd3 b6 8. Ne5
Bb7 9. g4 Nxe5 10. Bxe5 h6 11. h4 Ne4 12. Bxe4 dxe4 13. Bg3 f5 14. g5 hxg5 15.
hxg5 Bxg5 16. Qh5 Bh6 17. Be5 Qg5 18. Qh2 Qe7 19. O-O-O Rac8 20. Rdg1 Bg5 21.
Qh7+ Kf7 22. Qxg7+ Ke8 23. Rxg5 Qxg7 24. Rxg7 Bd5 25. Nxd5 exd5 26. Rhh7 Kd8
27. Rd7+ Ke8 28. Rhe7# 1-0

[Event "Emerald City Open"]
[Site "Chess.com"]
[Date "2020.06.21"]
[Round "?"]
[White "Shanmugam, Meera"]
[Black "Smith, Catherine"]
[Result "0-1"]
[WhiteElo "1224"]
[BlackElo "1522"]
[PlyCount "150"]
[EventDate "2020.??.??"]

1. e4 e5 2. Nf3 Nc6 3. Bb5 d6 4. d4 exd4 5. Nxd4 Bd7 6. Bxc6 Bxc6 7. Nxc6 bxc6
8. O-O Be7 9. Nc3 Nf6 10. Re1 O-O 11. Bf4 Nd7 12. Qe2 Bf6 13. Qc4 Be5 14. Be3
Bxc3 15. Qxc3 Re8 16. Qxc6 Ne5 17. Qc3 Re6 18. Bf4 Ng6 19. Bg3 Qe7 20. f3 Re8
21. Rad1 h5 22. Bf2 Nf4 23. Be3 Ng6 24. Bxa7 c5 25. Bb6 Qg5 26. Qd2 Nf4 27. Kf1
Qe5 28. Bc7 Ng6 29. Bxd6 Qxb2 30. Bxc5 Qb5+ 31. Qd3 Qxc5 32. c4 Ne5 33. Qd4 Qa5
34. Re2 R6e7 35. Qd5 Qa7 36. Qd4 Qa6 37. Rc1 Rd7 38. Qc3 Rd3 39. Qc2 Rc8 40. c5
Rc6 41. Qb2 Nd7 42. Qb4 Re3 43. Rcc2 Rxc5 44. Qd2 Rxe2 45. Qxe2 Qxe2+ 46. Rxe2
Ra5 47. Rd2 Nb6 48. Ke2 Kf8 49. Ke3 Nc4+ 50. Kd3 Nxd2 51. Kxd2 Rxa2+ 52. Ke3
Rxg2 53. h4 Rh2 54. Kf4 g6 55. Kg3 Ra2 56. Kf4 Ke7 57. Kg3 Kf6 58. Kf4 Ra4 59.
Kg3 Ke5 60. Kh3 Kf4 61. Kg2 Ra2+ 62. Kh3 Kxf3 63. e5 Ke4 64. e6 fxe6 65. Kg3
Ra3+ 66. Kh2 Kf4 67. Kg2 Kg4 68. Kg1 Kxh4 69. Kf1 Kg3 70. Ke1 h4 71. Kd2 h3 72.
Ke2 h2 73. Kd2 h1=Q 74. Ke2 Qh2+ 75. Ke1 Ra1# 0-1

[Event "Emerald City Open"]
[Site "Chess.com"]
[Date "2020.06.20"]
[Round "?"]
[White "Patick, Sterling"]
[Black "Hack, Don"]
[Result "1-0"]
[WhiteElo "1663"]
[BlackElo "1204"]
[PlyCount "111"]
[EventDate "2020.??.??"]

1. e4 c6 2. d4 d5 3. exd5 cxd5 4. Bd3 Nc6 5. Ne2 Nf6 6. O-O Bg4 7. f3 Bd7 8.
Bf4 e6 9. Nbc3 Qb6 10. Nb5 Rc8 11. Kh1 Nb4 12. Nbc3 Nxd3 13. Qxd3 Be7 14. Rfe1
O-O 15. Be5 a6 16. Rab1 Ne8 17. Bg3 Bd6 18. Bf4 Qc7 19. Qd2 b5 20. Rec1 b4 21.
Nd1 Bb5 22. Bxd6 Nxd6 23. Ne3 Nc4 24. Nxc4 Qxc4 25. Nf4 Qxa2 26. Qxb4 Qa4 27.
Qxa4 Bxa4 28. c3 Bb3 29. Nd3 Bc4 30. Nc5 a5 31. b3 Bb5 32. Ra1 Ra8 33. Ra3 Rfb8
34. Rca1 a4 35. Nxa4 h5 36. Nc5 Rxa3 37. Rxa3 g5 38. Kg1 Kg7 39. Kf2 Kf6 40.
Ke3 Kf5 41. g3 e5 42. dxe5 Kxe5 43. Ra7 Kd6 44. Kd4 f6 45. Rf7 Rc8 46. Rxf6+
Ke7 47. Rf5 g4 48. fxg4 hxg4 49. Rxd5 Rd8 50. Rxd8 Kxd8 51. Ne4 Kd7 52. Nf2 Be2
53. Ke3 Bf3 54. Kf4 Kd6 55. Nxg4 Bxg4 56. Kxg4 1-0

[Event "Emerald City Open"]
[Site "Chess.com"]
[Date "2020.06.20"]
[Round "?"]
[White "Hack, Don"]
[Black "Tembhare, Santoshkumar"]
[Result "1-0"]
[WhiteElo "1204"]
[BlackElo "1684"]
[PlyCount "79"]
[EventDate "2020.??.??"]

1. d4 Nf6 2. c4 e6 3. g3 Nc6 4. Nf3 b6 5. Bg2 Bb7 6. O-O d5 7. cxd5 Nxd5 8. a3
a5 9. e4 Nde7 10. Nc3 Ng6 11. Be3 Be7 12. Qc2 O-O 13. Rfd1 Rc8 14. d5 exd5 15.
Nxd5 Qe8 16. Nxe7+ Qxe7 17. Rac1 h6 18. Nd4 Nxd4 19. Bxd4 Rfe8 20. f3 c5 21.
Be3 Ne5 22. Kf2 Qf6 23. Bf4 c4 24. Bxe5 Rxe5 25. f4 b5 26. Qc3 Re6 27. e5 Rxe5
28. Qxe5 Qb6+ 29. Qd4 Qc7 30. Bxb7 Qxb7 31. Qd5 Qb6+ 32. Rd4 Rf8 33. Rcd1 b4
34. a4 c3 35. bxc3 bxc3 36. Qb5 Qc7 37. Rc4 Qa7+ 38. Qc5 Qb7 39. Rxc3 Qb6 40.
Qxb6 1-0

[Event "Emerald City Open"]
[Site "Chess.com"]
[Date "2020.06.21"]
[Round "?"]
[White "Hamlett, James"]
[Black "Hack, Don"]
[Result "1-0"]
[WhiteElo "1561"]
[BlackElo "1204"]
[PlyCount "57"]
[EventDate "2020.??.??"]

1. e4 c6 2. d4 d5 3. e5 Bf5 4. f4 e6 5. Nf3 c5 6. Bb5+ Nc6 7. c3 cxd4 8. Nxd4
Nge7 9. O-O a6 10. Bxc6+ bxc6 11. Qa4 Qb6 12. Be3 Bd3 13. Nf5 Qb5 14. Nd6+ Kd7
15. Nxb5 Bxb5 16. Qc2 Bxf1 17. Kxf1 Nf5 18. Bf2 Be7 19. Nd2 a5 20. g4 Nh6 21.
h3 g6 22. Rd1 Rhc8 23. Ne4 Ng8 24. Bc5 f5 25. Nd6 Bxd6 26. Bxd6 fxg4 27. hxg4
Nh6 28. Qh2 Nxg4 29. Qxh7+ 1-0

[Event "Emerald City Open"]
[Site "Chess.com"]
[Date "2020.06.21"]
[Round "?"]
[White "Hack, Don"]
[Black "Li, Emma"]
[Result "1/2-1/2"]
[WhiteElo "1204"]
[BlackElo "1342"]
[PlyCount "152"]
[EventDate "2020.??.??"]

1. d4 d5 2. c4 c6 3. Nf3 Nf6 4. e3 Bg4 5. Be2 Bxf3 6. Bxf3 e6 7. b3 Nbd7 8. Bb2
Bb4+ 9. Nd2 Qa5 10. Bc1 Bc3 11. Rb1 Qxa2 12. O-O Qa5 13. g3 O-O 14. Bg2 Bb4 15.
e4 dxe4 16. Nxe4 Qf5 17. Bd2 Bxd2 18. Nxd2 Qd3 19. Nf3 Qxd1 20. Rfxd1 Ne4 21.
Rd3 Ndf6 22. Ne5 Rfd8 23. Rbd1 a5 24. f3 Nd6 25. d5 exd5 26. cxd5 cxd5 27. f4
Nde4 28. Bxe4 Nxe4 29. Rxd5 Rxd5 30. Rxd5 f6 31. Nc4 a4 32. Nb6 Nc3 33. Rd3
Ne2+ 34. Kf2 Nc1 35. Rc3 Na2 36. Re3 Rd8 37. Nxa4 Rd2+ 38. Kg1 Nc1 39. b4 Rd4
40. Re1 Nb3 41. Re8+ Kf7 42. Rc8 Rxb4 43. Nc5 Rc4 44. Nxb7 Rxc8 45. Nd6+ Kg6
46. Nxc8 Kh5 47. Ne7 Kg4 48. Kg2 Nd4 49. h3+ Kh5 50. g4+ Kh4 51. Nd5 h5 52. Ne3
hxg4 53. hxg4 g6 54. f5 gxf5 55. Nxf5+ Nxf5 56. gxf5 Kg4 57. Kf2 Kxf5 58. Kf3
Kg5 59. Kg3 Kf5 60. Kf3 Ke5 61. Ke3 f5 62. Kf3 f4 63. Kf2 Ke4 64. Ke2 f3+ 65.
Kf2 Kf4 66. Kf1 Kg3 67. Kg1 Kg4 68. Kf2 Kf4 69. Kf1 Ke3 70. Ke1 Kd3 71. Kf2 Ke4
72. Kf1 Kf4 73. Kf2 Kg4 74. Kf1 Kg3 75. Kg1 f2+ 76. Kf1 Kf3 1/2-1/2

[Event "Emerald City Open"]
[Site "Chess.com"]
[Date "2020.06.20"]
[Round "?"]
[White "Hetamsaria, Aadi"]
[Black "Trey, Justin"]
[Result "1/2-1/2"]
[WhiteElo "1159"]
[BlackElo "1662"]
[PlyCount "117"]
[EventDate "2020.??.??"]

1. e4 e6 2. d4 d5 3. exd5 exd5 4. Bd3 Nf6 5. Nf3 Bg4 6. Bg5 Nbd7 7. O-O Be7 8.
Nbd2 O-O 9. c3 c6 10. h3 Bh5 11. Qb3 Qb6 12. Qc2 Bg6 13. Bxg6 hxg6 14. Nb3 Rfe8
15. Rfe1 Ne4 16. Bxe7 Rxe7 17. Nfd2 Rae8 18. Nxe4 Rxe4 19. Rxe4 Rxe4 20. Nd2
Re6 21. Nf3 Qd8 22. Qb3 b6 23. Rc1 b5 24. Re1 Rxe1+ 25. Nxe1 Nb6 26. Nd3 a5 27.
Nc5 a4 28. Qc2 Nd7 29. Nd3 Qc7 30. Qe2 Kf8 31. a3 Qd6 32. Qe3 Qe7 33. Qxe7+
Kxe7 34. Kf1 Kd6 35. Ke2 c5 36. dxc5+ Nxc5 37. Nxc5 Kxc5 38. Kd3 g5 39. f3 f5
40. g3 f4 41. gxf4 gxf4 42. h4 g6 43. Kc2 Kc4 44. Kd2 Kc5 45. Kd3 Kc6 46. Kc2
Kd6 47. b3 Kc6 48. b4 Kd6 49. Kd2 Ke5 50. Kd3 Ke6 51. Ke2 Kf6 52. Kd3 Ke5 53.
Kd2 d4 54. Kd3 dxc3 55. Kxc3 Kd5 56. Kd3 Ke5 57. Kc3 Kd5 58. Kd3 Ke5 59. Kc3
1/2-1/2

[Event "Emerald City Open"]
[Site "Chess.com"]
[Date "2020.06.20"]
[Round "?"]
[White "Brown, Northern"]
[Black "Hetamsaria, Aadi"]
[Result "1/2-1/2"]
[WhiteElo "1480"]
[BlackElo "1159"]
[PlyCount "79"]
[EventDate "2020.??.??"]

1. Nf3 d5 2. g3 c5 3. Bg2 Nf6 4. d3 Nc6 5. O-O Bg4 6. Nbd2 e6 7. Re1 Be7 8. e4
dxe4 9. Nxe4 Nxe4 10. Rxe4 Bf5 11. Re1 O-O 12. Bf4 Bf6 13. Rb1 Qa5 14. a3 Qb6
15. Ne5 Ne7 16. Nc4 Qd8 17. Bxb7 Rb8 18. Bxb8 Qxb8 19. Bg2 Nd5 20. Ne3 Nxe3 21.
Rxe3 Bd4 22. Re1 c4 23. Be4 Qb6 24. Re2 Bg4 25. Qd2 Bxe2 26. Qxe2 c3 27. b3 e5
28. Rf1 f5 29. Bd5+ Kh8 30. Qh5 Qa5 31. Be6 g6 32. Qh6 Qxa3 33. Bc4 e4 34. Kg2
Bg7 35. Qe3 exd3 36. Qxd3 Qe7 37. Rd1 Qg5 38. Qd5 Qg4 39. Qf3 Qxf3+ 40. Kxf3
1/2-1/2

[Event "Emerald City Open"]
[Site "Chess.com"]
[Date "2020.06.20"]
[Round "?"]
[White "Hetamsaria, Aadi"]
[Black "Hamlett, James"]
[Result "1/2-1/2"]
[WhiteElo "1159"]
[BlackElo "1561"]
[PlyCount "114"]
[EventDate "2020.??.??"]

1. e4 b6 2. d4 e6 3. Nc3 Bb7 4. Nf3 Nf6 5. Bg5 h6 6. Bxf6 Qxf6 7. Bd3 Bb4 8.
O-O Bxc3 9. bxc3 O-O 10. e5 Bxf3 11. exf6 Bxd1 12. fxg7 Kxg7 13. Raxd1 f5 14.
f4 Nc6 15. Rf3 Kf6 16. Bc4 d5 17. Bb5 Ne7 18. Re1 c6 19. Bd3 Ng6 20. c4 h5 21.
cxd5 cxd5 22. g3 Rg8 23. Kh1 h4 24. Rfe3 Rae8 25. Bb5 Re7 26. c4 hxg3 27. hxg3
Rh7+ 28. Kg2 Nxf4+ 29. Kf3 Rh3 30. Kxf4 Rg4+ 31. Kf3 Rhxg3+ 32. Ke2 Rg2+ 33.
Kd1 Rxd4+ 34. Kc1 Rdd2 35. Rxe6+ Kg5 36. Ba4 Rxa2 37. Kb1 Rxa4 38. cxd5 Rd4 39.
d6 Rgd2 40. Rg1+ Kf4 41. Rf1+ Kg3 42. Rxf5 Rxd6 43. Re7 a5 44. Rg7+ Kh4 45. Rf8
Rh6 46. Rf4+ Kh3 47. Rf3+ Kh2 48. Kc1 Rg2 49. Rxg2+ Kxg2 50. Rb3 Rc6+ 51. Kb2
Kf2 52. Ka3 Ke2 53. Rb5 Kd3 54. Ka4 Rc4+ 55. Ka3 Rc6 56. Ka4 Kc2 57. Ka3 Kd3
1/2-1/2

[Event "Emerald City Open"]
[Site "Chess.com"]
[Date "2020.06.21"]
[Round "?"]
[White "Wang, Mark"]
[Black "Hetamsaria, Aadi"]
[Result "0-1"]
[WhiteElo "1376"]
[BlackElo "1159"]
[PlyCount "116"]
[EventDate "2020.??.??"]

1. e4 d5 2. exd5 Qxd5 3. Nc3 Qa5 4. d4 Nf6 5. Nf3 Bg4 6. Bc4 e6 7. O-O c6 8. h3
Bh5 9. Be3 Bd6 10. Qe2 Nbd7 11. Rad1 O-O-O 12. a3 e5 13. b4 Qxa3 14. Na2 e4 15.
g4 exf3 16. Qxf3 Bg6 17. d5 Be4 18. Qe2 Bxd5 19. Bxd5 Nxd5 20. c4 Nxe3 21. fxe3
Bxb4 22. Nxb4 Qxb4 23. Rb1 Qd6 24. Qg2 Rhe8 25. Qf3 Nf6 26. Rfd1 Qc7 27. Re1
Rd3 28. g5 Ne4 29. Rbd1 Rxd1 30. Rxd1 Qg3+ 31. Qxg3 Nxg3 32. Kf2 Ne4+ 33. Kf3
Nxg5+ 34. Kg4 f6 35. h4 Ne4 36. Ra1 a6 37. Kf4 Nd6 38. Rg1 g6 39. Rd1 Kc7 40.
c5 Nf5 41. e4 Nxh4 42. Rd6 f5 43. exf5 Nxf5 44. Rf6 a5 45. Rf7+ Re7 46. Rf8 Nd4
47. Ra8 Nb3 48. Kg5 Rd7 49. Kh6 Rd8 50. Rxd8 Kxd8 51. Kxh7 g5 52. Kh8 g4 53.
Kh7 g3 54. Kh8 g2 55. Kh7 g1=Q 56. Kh8 Ke7 57. Kh7 Kf7 58. Kh6 Qg6# 0-1

[Event "Emerald City Open"]
[Site "Chess.com"]
[Date "2020.06.21"]
[Round "?"]
[White "Hetamsaria, Aadi"]
[Black "Tembhare, Santoshkumar"]
[Result "1-0"]
[WhiteElo "1159"]
[BlackElo "1684"]
[PlyCount "59"]
[EventDate "2020.??.??"]

1. e4 c5 2. Nc3 Nc6 3. f4 e6 4. Bc4 a6 5. d3 b5 6. Bb3 Nd4 7. Nf3 Nxb3 8. axb3
Bb7 9. O-O g6 10. Qe1 Bg7 11. Nh4 Nf6 12. f5 O-O 13. e5 Nd5 14. Nxd5 Bxd5 15.
f6 Bh8 16. Bh6 Re8 17. b4 c4 18. d4 d6 19. Qg3 dxe5 20. dxe5 Qb6+ 21. Be3 Qc7
22. Bd4 Be4 23. c3 Bf5 24. Nf3 Rec8 25. Qg5 Be4 26. Qh6 Bxf3 27. Rxf3 Qd8 28.
Rh3 Bxf6 29. exf6 a5 30. Qg7# 1-0

[Event "Emerald City Open"]
[Site "Chess.com"]
[Date "2020.06.20"]
[Round "?"]
[White "Martin, Andrew"]
[Black "Willy, Stephen"]
[Result "1-0"]
[WhiteElo "1542"]
[BlackElo "1137"]
[PlyCount "121"]
[EventDate "2020.??.??"]

1. e3 e5 2. e4 Nc6 3. Nf3 Bc5 4. Bc4 Nf6 5. d3 d6 6. h3 h6 7. c3 Be6 8. Bb5 a6
9. Ba4 b5 10. Bc2 d5 11. exd5 Nxd5 12. O-O g5 13. Re1 Bd6 14. d4 exd4 15. Nxd4
Nxd4 16. Qxd4 Kd7 17. Be4 c6 18. Nd2 Kc7 19. a4 Qf6 20. Qxf6 Nxf6 21. Bf3 Rhe8
22. Nf1 Nd5 23. Ne3 Nf4 24. Ng4 Bxg4 25. Rxe8 Rxe8 26. Bxf4 Bxf4 27. hxg4 bxa4
28. g3 Bd6 29. Rxa4 Kb6 30. Kf1 Re5 31. Rc4 Rc5 32. Re4 Rb5 33. b4 a5 34. Rc4
c5 35. bxa5+ Rxa5 36. Re4 Ra1+ 37. Kg2 Rc1 38. c4 Ka5 39. Be2 Kb4 40. Re8 Re1
41. Kf3 Kc3 42. Re3+ Kd2 43. Rd3+ Kc2 44. Rxd6 Kc3 45. Rxh6 Kd2 46. Rd6+ Kc3
47. Rd5 Kb4 48. Rxg5 Rxe2 49. Kxe2 Kxc4 50. Kd2 Kb4 51. Kc2 c4 52. Rf5 c3 53.
Rxf7 Ka3 54. g5 Kb4 55. g6 Ka3 56. g7 Kb4 57. g8=Q Kc4 58. Rd7+ Kb5 59. Rc7 Kb4
60. Qb8+ Ka3 61. Ra7# 1-0

[Event "Emerald City Open"]
[Site "Chess.com"]
[Date "2020.06.21"]
[Round "?"]
[White "Li, David"]
[Black "Willy, Stephen"]
[Result "1-0"]
[WhiteElo "1344"]
[BlackElo "1137"]
[PlyCount "61"]
[EventDate "2020.??.??"]

1. e4 d5 2. exd5 e6 3. Nc3 exd5 4. d4 Nf6 5. Bg5 Be7 6. Nf3 Bf5 7. Bd3 Bxd3 8.
Qxd3 Nbd7 9. O-O h6 10. Bxf6 gxf6 11. Nxd5 Bd6 12. Rfe1+ Kf8 13. Ne3 c6 14. Nf5
Nb6 15. Nxd6 Qxd6 16. Re2 Nd5 17. Re4 Rg8 18. Kf1 Nf4 19. Qb3 Nxg2 20. Qc4 Nf4
21. Qc5 Qxc5 22. dxc5 Ne6 23. b4 b6 24. cxb6 axb6 25. Nd4 Ng5 26. Rg4 Kg7 27.
h4 Kg6 28. hxg5 hxg5 29. Nf3 Ra3 30. Rg3 Rc3 31. Nh4+ 1-0

[Event "Emerald City Open"]
[Site "Chess.com"]
[Date "2020.06.20"]
[Round "?"]
[White "Ma, Lucas"]
[Black "Smith, Catherine"]
[Result "0-1"]
[WhiteElo "1089"]
[BlackElo "1522"]
[PlyCount "124"]
[EventDate "2020.??.??"]

1. e4 e5 2. Nf3 Nc6 3. Bc4 Be7 4. c3 Nf6 5. d3 O-O 6. O-O d6 7. h3 h6 8. Be3
Na5 9. Bb3 Nxb3 10. axb3 a6 11. Nbd2 Be6 12. Re1 Nh7 13. d4 exd4 14. Nxd4 Qd7
15. Kh2 Ng5 16. Nxe6 Qxe6 17. Bxg5 Bxg5 18. Nc4 Rfd8 19. Kg1 Rd7 20. Qd5 Qxd5
21. exd5 Kf8 22. Re2 Re7 23. Rxe7 Kxe7 24. Na5 Rb8 25. b4 Kd7 26. Re1 c6 27.
Rd1 Bd8 28. f4 Bxa5 29. bxa5 c5 30. c4 Re8 31. Kf2 Re4 32. Rc1 Rxf4+ 33. Kg3
Rd4 34. Rc3 Rd2 35. Rb3 Kc7 36. Kf3 Rc2 37. Ke3 Rxc4 38. Ra3 Rd4 39. Rd3 Rxd3+
40. Kxd3 b6 41. axb6+ Kxb6 42. Kc4 f5 43. g3 g5 44. g4 f4 45. Kd3 Kb5 46. Ke4
Kc4 47. Kf3 Kxd5 48. Ke2 Kd4 49. Kf2 Kd3 50. Kf3 Kc2 51. Ke2 Kxb2 52. Kf3 c4
53. Ke2 c3 54. Kd1 c2+ 55. Ke2 c1=Q 56. Kd3 Qc3+ 57. Ke2 Qe3+ 58. Kf1 f3 59. h4
Qe2+ 60. Kg1 f2+ 61. Kg2 f1=Q+ 62. Kg3 Qff3# 0-1

[Event "Emerald City Open"]
[Site "Chess.com"]
[Date "2020.06.21"]
[Round "?"]
[White "Tembhare, Santoshkumar"]
[Black "Ma, Lucas"]
[Result "1-0"]
[WhiteElo "1684"]
[BlackElo "1089"]
[PlyCount "145"]
[EventDate "2020.??.??"]

1. e4 c5 2. Nf3 Nc6 3. Bc4 g6 4. d4 cxd4 5. Nxd4 Bg7 6. Nxc6 bxc6 7. Qf3 e6 8.
c3 Ne7 9. Bg5 O-O 10. Bf6 d5 11. Bxg7 Kxg7 12. Bd3 Qb6 13. b3 a5 14. O-O Ba6
15. e5 Bxd3 16. Qxd3 Qa6 17. Qf3 f6 18. exf6+ Rxf6 19. Qe3 Qa7 20. Qe5 Qb8 21.
Qd4 e5 22. Qc5 Qc7 23. Nd2 e4 24. Rae1 Nf5 25. c4 Qd6 26. Qb6 Qb8 27. Qc5 Qd6
28. Qxd6 Rxd6 29. h3 a4 30. b4 Rb8 31. a3 Nd4 32. cxd5 cxd5 33. Nb1 Nb3 34. f3
Re8 35. fxe4 dxe4 36. Nc3 Rde6 37. Nxa4 Ra8 38. Nc3 Rxa3 39. Nxe4 Ra4 40. Nc5
Nxc5 41. bxc5 Rc6 42. Re7+ Kh6 43. Rff7 Rxc5 44. Rxh7+ Kg5 45. Re6 Rf5 46. h4+
Kg4 47. Rxg6+ Kf4 48. Rhg7 Ra1+ 49. Kh2 Rh5 50. g3+ Kf3 51. Rf7+ Ke3 52. Re6+
Kd4 53. Re8 Ra2+ 54. Kh3 Ra3 55. Rd7+ Kc4 56. Rc8+ Rc5 57. Rxc5+ Kxc5 58. Rd1
Kc4 59. h5 Ra7 60. Kh4 Kc3 61. g4 Rg7 62. h6 Rh7 63. g5 Rc7 64. Rc1+ Kd4 65.
Rxc7 Ke5 66. Rf7 Ke6 67. g6 Ke5 68. h7 Kd4 69. h8=Q+ Kc4 70. Qd8 Kb3 71. Rc7
Ka2 72. Rb7 Ka1 73. Qa8# 1-0

[Event "Emerald City Open"]
[Site "Chess.com"]
[Date "2020.06.20"]
[Round "?"]
[White "Singh, Saket"]
[Black "Shen, Lixing"]
[Result "1-0"]
[WhiteElo "1484"]
[BlackElo "1083"]
[PlyCount "181"]
[EventDate "2020.??.??"]

1. e4 e5 2. Nf3 d5 3. exd5 e4 4. Qe2 Nf6 5. Nc3 Bf5 6. Nd4 Bg6 7. Qb5+ Nbd7 8.
Qxb7 Bc5 9. Nc6 Qc8 10. Qxc8+ Rxc8 11. Ba6 Ra8 12. Nb5 Nxd5 13. Bb7 N7b6 14.
Bxa8 Nxa8 15. b3 a6 16. Nbd4 O-O 17. Bb2 Nf4 18. O-O Bh5 19. g3 Nh3+ 20. Kg2
Ng5 21. Rfe1 Re8 22. h4 Nf3 23. Nxf3 Bxf3+ 24. Kg1 f5 25. Nd4 Bxd4 26. Bxd4 Nb6
27. d3 Nd5 28. c3 Kf7 29. Rac1 Rd8 30. dxe4 fxe4 31. a3 a5 32. c4 Nb6 33. Bxb6
cxb6 34. c5 b5 35. Rc3 Rc8 36. b4 a4 37. Rec1 Rc6 38. Kf1 Kf6 39. Ke1 Ke6 40.
Kd2 Kd5 41. Ke3 Ke5 42. Rg1 h5 43. Re1 g6 44. Rec1 Bg4 45. Re1 Bf3 46. Rc2 Rc7
47. Rd2 Rc6 48. Rc1 Bg4 49. Rd8 Bf3 50. Re8+ Kd5 51. Rc2 Bg2 52. Rd2+ Kc4 53.
Red8 Kb3 54. R2d6 Rc7 55. c6 Kxa3 56. R8d7 Rc8 57. c7 Kxb4 58. Rd4+ Kb3 59.
R7d5 Rxc7 60. Rxb5+ Ka3 61. Ra5 Rc3+ 62. Ke2 Rc2+ 63. Ke3 Rc3+ 64. Ke2 Bf3+ 65.
Kd2 Rd3+ 66. Rxd3+ exd3 67. Kxd3 Kb3 68. Rb5+ Ka2 69. Kc2 a3 70. Kc1 Be2 71.
Ra5 Bf3 72. Ra6 Be4 73. Re6 Bf5 74. Ra6 Bd3 75. Ra5 Bf5 76. Rb5 Bd3 77. Rb6 Bf5
78. Kd2 Ka1 79. Ke3 a2 80. Kf4 Bd3 81. f3 Bf5 82. g4 hxg4 83. fxg4 Bd3 84. Kg5
Be4 85. Rb4 Bd3 86. Kf4 Bc2 87. Ke3 Bb1 88. Kd2 Bc2 89. Kxc2 g5 90. Re4 gxh4
91. Re1# 1-0